Statistics for FBI Directors by Picture

Click here to take the quiz!

General Stats

  • This quiz has been taken 23 times
  • The average score is 6 of 15

Answer Stats

Answer% Correct
J. Edgar Hoover
100%
James Comey
91%
Robert Mueller
82%
Christopher A. Wray
55%
Clyde Tolson
36%
Andrew McCabe
36%
Stanley Finch
27%
William J. Flynn
27%
William J. Burns
27%
William E. Allen
18%
William Ruckelshaus
18%
Clarence M. Kelley
18%
William H. Webster
18%
William S. Sessions
18%
Louis Freeh
18%

Score Distribution

Percentile by Number Answered

Percent of People with Each Score

Your Score History

You have not taken this quiz